000 00755nam a22002292 4500
001 0000020655
005 20151217152219.0
008 110930s xx 000 0 eng d
020 _a0393979497 :
040 _aKABU
_cKABU
100 1 _aCrenson, Matthew.
_@0000181137
245 1 0 _aPresidential power :
_bunchecked and unbalanced /
_cMatthew Crenson and Benjamin Ginsberg.
250 _a1st ed.
260 _aNew York :
_bW. W. Norton,
_c2008.
300 _a432 p.
650 0 _aPresident
_xHistory
_zUnited States.
_@0000181138
650 0 _aExecutive power
_xHistory.
_zUnited States.
_@0000181139
700 1 _aGinsberg, Benjamin.
_@0000179276
852 1 _9p2790 KES
908 _a110930
950 _@1
999 _c9440
_d9440